Premier League Scorers 2013-2014 - Statistics

General Stats
  • This quiz has been taken 58 times
  • The average score is 7 of 10
Answer Stats
Rank Goals Player % Correct
5 17 Wayne Rooney
94%
1 31 Luis Suarez
89%
4 17 Sergio Aguero
87%
2 21 Daniel Sturridge
79%
7 16 Olivier Giroud
79%
3 20 Yaya Touré
64%
6 16 Edin Dzeko
60%
10 15 Romelu Lukaku
60%
8 16 Wilfried Bony
30%
9 15 Jay Rodriguez
23%
No matching quizzes found
Score Distribution
Percent of People with Each Score
Percentile by Number Answered
Your Score History
You have not taken this quiz